Statistics for Fictional Movies from Seinfeld

Click here to take the quiz!

General Stats

  • This quiz has been taken 691 times
  • The average score is 5 of 22

Answer Stats

Answer% Correct
Rochelle, Rochelle
83%
Sack Lunch
61%
Deathblow
52%
Prognosis Negative
43%
Chunnel
34%
Cry, Cry Again
33%
Brown-Eyed Girl
25%
Agent Zero
22%
Blame it on the Rain
18%
Checkmate
18%
Firestorm
18%
Ponce de Leon
18%
Mountain High
15%
The Muted Heart
14%
The Other Side of Darkness
13%
Blimp
10%
The Pain and the Yearning
10%
Flaming Globes of Sigmund
8%
Chow Fun
7%
Means to an End
6%
Cold Fusion
4%
Cupid's Rival
3%

Score Distribution

Percentile by Number Answered

Percent of People with Each Score

Your Score History

You have not taken this quiz